[Event "SVK-chT U18"]
[Site "Radava"]
[Date "2022.11.22"]
[Round "3.4"]
[White "Piesecka, Vivien"]
[Black "Bilik, Matej"]
[Result "0-1"]
[WhiteElo "1000"]
[BlackElo "1646"]
[PlyCount "76"]
[EventDate "2022.11.21"]
[EventType "team-swiss"]
[EventRounds "7"]
[EventCountry "SVK"]
[SourceTitle "CBM 211 Extra"]
[Source "ChessBase"]
[SourceDate "2023.01.31"]
[SourceVersion "1"]
[SourceVersionDate "2023.01.31"]
[SourceQuality "1"]
[WhiteTeam "Nitra Chess Academy"]
[BlackTeam "Humenne Reinter"]
[WhiteTeamCountry "SVK"]
[BlackTeamCountry "SVK"]

1. e4 c5 2. Bc4 e6 3. Nc3 Nc6 4. d3 Nf6 5. Nf3 d6 6. d4 cxd4 7. Nxd4 Be7 8. Bb5 Bd7 9. 0-0 0-0 10. f4 a6 11. Ba4 e5 12. Nf5 Bxf5 13. Bxc6 Bg4 14. Qd3 bxc6 15. h3 Be6 16. f5 Bc8 17. Rd1 Qc7 18. Bg5 Rd8 19. Rd2 h6 20. Bxf6 Bxf6 21. Rad1 Bb7 22. a4 d5 23. exd5 cxd5 24. Qe2 d4 25. Ne4 Bxe4 26. Qxe4 Bg5 27. Rd3 Be3+ 28. Kf1 Qxc2 29. Rxe3 Qxd1+ 30. Re1 Qxa4 31. Qxe5 Qb5+ 32. Qxb5 axb5 33. Re5 d3 34. Ke1 d2+ 35. Kd1 Ra1+ 36. Kc2 d1Q+ 37. Kc3 Rc8+ 38. Kb4 Qa4# 0-1